01090nam a2200325 k 4500001001300000005001500013008004100028020003300069040001900102041001300121049001700134056001100151090001900162100002200181245011800203246003800321260004700359300003200406440002100438440002000459500003300479504004700512546004700559653005800606700002200664700001400686740003300700900002000733950001100753KMO20260083420260331090959260328s2025 ggkac 001 m kor a9791173574726g03860c\25000 a146043c1460431 akorhfre0 lMEM000012411 a86826 a868b바238ㄹ1 a바르트, 롤랑10a롤랑 바르트가 쓴 롤랑 바르트b나를 쓰다, 나를 읽다d롤랑 바르트 지음e류재화 옮김19aRoland Barthes par Roland Barthes a파주b21세기북스b북이십일c2025 a357p.b삽화, 초상c21cm00a아포리아v1400aKI신서v13762 a원저자명: Roland Barthes a"롤랑 바르트 연보"와 색인 수록 a프랑스어 원작을 한국어로 번역 a롤랑 바르트a프랑스에세이a프랑스문학1 a바르트, 롤랑1 a류재화02a나를 쓰다, 나를 읽다10aBarthes, Roland0 b\25000 |
|---|